Všeobecné poznámky k ekonomickému vývoju SR a prognóza vývoja HDP a zahraničného obchodu do roku 2008

Vstup Slovenska do EÚ a hospodársky vývoj. Prognóza ročného objemu HDP. Prognóza vývoja zahraničného obchodu, dovozu, vývozu.

Na minha lista:
Detalhes bibliográficos
Autor principal: Chajdiak, Jozef
Formato: Capítulo de Livro
Idioma:eslovaco
Assuntos:
Tags: Adicionar Tag
Sem tags, seja o primeiro a adicionar uma tag!

MARC

LEADER 00000naa$a2200000$$$4500
001 0029926
005 20240502071435.5
041 0 |a slo 
044 |a SK 
245 1 0 |a Všeobecné poznámky k ekonomickému vývoju SR a prognóza vývoja HDP a zahraničného obchodu do roku 2008  |c Jozef Chajdiak 
520 |a Vstup Slovenska do EÚ a hospodársky vývoj. Prognóza ročného objemu HDP. Prognóza vývoja zahraničného obchodu, dovozu, vývozu. 
610 2 0 |a vývoj hospodársky 
610 2 0 |a Slovensko 
610 2 0 |a Európska únia 
610 2 0 |a prognózy 
610 2 0 |a prognózy krátkodobé 
610 2 0 |a obchod zahraničný 
610 2 0 |a produkt domáci hrubý 
100 1 |a Chajdiak, Jozef